Philosophy of numbers/ (Record no. 8111)

MARC details
000 -LEADER
fixed length control field 00571 a2200181 4500
010 ## - LCCN (DPL NO)
LC control number ENG-88321
020 ## - INTERNATIONAL STANDARD BOOK NUMBER
Terms of availability 575.00
International Standard Book Number 8121511763
035 ## - SYSTEM CONTROL NUMBER
System control number EN-71854
037 ## - SOURCE OF ACQUISITION
Source of stock number/acquisition DBAD / PUB
082 14 - DEWEY DECIMAL CLASSIFICATION NUMBER
Classification number 510.1
100 ## - MAIN ENTRY--PERSONAL NAME
Personal name Burde, Jayant
245 1# - TITLE STATEMENT
Title Philosophy of numbers/
Statement of responsibility, etc by Jayant Burde
260 ## - PUBLICATION, DISTRIBUTION, ETC. (IMPRINT)
Place of publication, distribution, etc New Delhi
Name of publisher, distributor, etc Munshiram Manoharlal Publishers
Date of publication, distribution, etc 2007
270 ## - ADDRESS
Address Post Box 5715, 54 Rani Jhansi Road,
City New Delhi
Postal code 110 055
300 ## - PHYSICAL DESCRIPTION
Extent x, 251p.
Dimensions 22cm (Hb)
500 ## - GENERAL NOTE
General note Includes bibliographical references and index
942 ## - ADDED ENTRY ELEMENTS (KOHA)
Institution code [OBSOLETE] dpl
Item type English Books
Source of classification or shelving scheme Dewey Decimal Classification
Classification part 510.1
Call number suffix BUR
Holdings
Withdrawn status Lost status Not for loan Collection code Home library Current library Source of acquisition Cost, normal purchase price Full call number Barcode Copy number Cost, replacement price Koha item type
    Not For Loan Non-fiction D.B.Act.Division D.B.Act.Division DBAD/PUB 575.00 510.1 BUR EN-71854 1 575.00 English Books

© Delhi Public Library
Hit Counter
free hit counter